000 00574nam a2200181Ia 4500
003 IN-BaIIA
008 211028s9999 xx 000 0 eng d
020 _a0-8243-0729-1
040 _cIIA Library
080 _a047.1:532
_bARF-29
100 _aLumley, J. L.
_921874
245 0 _aAnnual review of fluid mechanics
_bvol. 29
_cJ. L. Lumley, M. Van Dyke and H. L.Reed
260 _aUSA
_bAnnual Reviews
_c1997
300 _a630p
650 _aFluid Mechanics, Annual Reviews
_921875
700 _aReed, H. L.
_921876
942 _cBK
999 _c12496
_d12496